000 00492nam a2200181Ia 4500
005 20250508160825.0
008 008 250505s9999 xx 000 0 hin d
037 _aTextual
040 _aFEDL
_beng
_cFEDL
041 _ahin
_2hin
084 _aFH, MEG
_qFEDL
100 _aMeghani Jzver Chand
_9769463
245 0 _aSorath tera bahta pani
260 _aNew Delhi, India
_bNational Book Trust
_c1973
300 _a262p
942 _cTEXL
_hFH, MEG
999 _c1366817
_d1366817